000 00776nam a2200229Ia 4500
003 GCL
008 140319s9999 xx 000 0 ara d
040 _aGCL /
_cGCL
082 0 4 _a070.962
_bص ص
100 1 _aصلاح الدين البستانى
245 1 0 _aالصحافة السرية البريطانية خلال الاحتلال فى منطقة قناة السويس 1952-1951 /
_cصلاح الدين البستانى
260 _a[S.N] :
_bدار العرب الاسلامى ،
_c1989
490 _a
650 0 4 _aتاريخ
650 0 4 _aالصحافة
650 0 4 _aوسائل الاعلام
650 0 4 _aالصحف
650 0 4 _aالجوانب السياسية
650 0 4 _aالصحف المصرية
650 0 4 _aالمطابع
942 _2ddc
_cBK
999 _c28398
_d28398